000 00409nam a2200169Ia 4500
008 180921t2018 xxu||||| |||| 00| 1 sin d
041 _asin
080 _aX8C31
_bJAY
100 _aJayasekara, Mayura Lasantha
245 _aඉක්නාරා
246 _aIknara
260 _bGodage
_aColombo
_c2018
300 _a159p., 21cm
942 _cBK
999 _c7702
_d7702
003 LK-CoDNM
040 _aLK-CoDNM
_dLK-CoDNM
_eLK-CoDNM